| 000 | 01096nam a2200313 i 4500 | ||
|---|---|---|---|
| 001 | 000045658 | ||
| 003 | DO-SdBNP | ||
| 005 | 20240516195917.0 | ||
| 007 | ta | ||
| 008 | 150422s2000 dr a 000 0 spa d | ||
| 040 |
_aDO-SdBNP _bspa _cBNPHU _erda |
||
| 082 | 4 |
_a641.597295 _bF363L _222 |
|
| 100 | 1 |
_aFernández, Magda _973721 _eautora |
|
| 245 | 1 | 0 |
_aLo mejor de la cocina Puertorriqueña / _cMagda Fernández, Jess Fernández. |
| 264 |
_aSanto Domingo : _bEditorial Edil, _bCentenario, _c2000. |
||
| 300 |
_a219 páginas : _bilustraciones ; _c21 cm. |
||
| 336 |
_2rdacontent _atexto _btxt |
||
| 337 |
_2rdamedia _avolumen _bn |
||
| 338 |
_2rdacarrier _avolumen _bnc |
||
| 500 | _aPerteneció a la biblioteca personal de Erick Landestoy. | ||
| 590 | _aInventariado, 2023/MFF | ||
| 650 |
_aCocina puertorriqueña _927687 |
||
| 650 | 4 |
_aPreparación de alimentos _9193 |
|
| 650 | 0 |
_aGastronomía _9362 |
|
| 700 | 1 |
_aFernández, Jess _973722 _eautor |
|
| 900 | _aValidado. Control de calidad MFF | ||
| 910 | _aLo mejor de la cocina Puertorriqueña | Fernández, Magda | ||
| 942 |
_2ddc _cLBS1 |
||
| 999 |
_c45147 _d45147 |
||